000 00318nam a2200133Ia 4500
008 231129s1967||||xx |||||||||||||| ||spa||
040 _bspa
082 _a658.8 M116c
100 _aMcCarthy E. Jerome
245 0 _aComercializacion : Un enfoque gerencial
260 _c1967
264 _aEl Ateneo
942 _2ddc
_cBKS
999 _c7427
_d7427